Postupy účtovania pre podnikateľov v podvojnom účtovníctve s komentárom
Opatrenie MF SR zo 16. decembra 2002, ktorým sa ustanovujú podrobnosti o postupoch účtovania a rámcovej účtovnej osnove pre podnikateľov účtujúcich v sústave podvojného účtovníctva, v znení ďalších opatrení MF SR a opatrenia MF SR č. MF/25814/2006-7. Komentáre k opatreniu.
Gespeichert in:
| 1. Verfasser: | |
|---|---|
| Format: | Buchkapitel |
| Sprache: | Slowakisch |
| Schlagworte: | |
| Tags: |
Keine Tags, Fügen Sie das erste Tag hinzu!
|
MARC
| LEADER | 00000naa$a2200000$$$4500 | ||
|---|---|---|---|
| 001 | 0056791 | ||
| 005 | 20231116125403.8 | ||
| 041 | 0 | |a slo | |
| 044 | |a SK | ||
| 245 | 1 | 0 | |a Postupy účtovania pre podnikateľov v podvojnom účtovníctve s komentárom |c Ivana Hudecová |
| 520 | |a Opatrenie MF SR zo 16. decembra 2002, ktorým sa ustanovujú podrobnosti o postupoch účtovania a rámcovej účtovnej osnove pre podnikateľov účtujúcich v sústave podvojného účtovníctva, v znení ďalších opatrení MF SR a opatrenia MF SR č. MF/25814/2006-7. Komentáre k opatreniu. | ||
| 610 | 2 | 0 | |a podnikatelia |
| 610 | 2 | 0 | |a postupy účtovné |
| 610 | 2 | 0 | |a osnova účtová |
| 610 | 2 | 0 | |a účtovníctvo podvojné |
| 610 | 2 | 0 | |a opatrenia |
| 100 | 1 | |a Hudecová, Ivana | |